| Поле | Инд. | ПП | Название | Значение |
|---|---|---|---|---|
| Тип записи | a | |||
| Библиографический уровень | m | |||
| 001 | Контрольный номер | 52a2b7b2-e2ab-4770-89a5-0aadf617547b | ||
| 005 | Дата корректировки | 20140226172523.8 | ||
| 008 | Кодируемые данные | 20010116s?a aznnnabbn zn aan | ||
| 020 | a | ISBN | 5-07-000830-7 | |
| c | Цена, тираж | 0.40 | ||
| 040 | a | Служба первич. каталог. | RU-RKP | |
| a | Служба первич. каталог. | НБ ТвГУ | ||
| 041 | a | Код языка текста | rus | |
| 080 | a | Индекс УДК | 613 | |
| a | Индекс УДК | 796.035(73) | ||
| 084 | a | Индекс другой классификации/Индекс ББК | Ч511.10 | |
| a | Индекс другой классификации/Индекс ББК | Р120.4 | ||
| 090 | x | Авторский знак | К68 | |
| a | Полочн. индекс | Ч511.1 | ||
| 092 | a | 76.33.29 | ||
| a | 77.01 ьков | |||
| 100 | 1_ | a | Автор | Коростелев Николай Борисович |
| 245 | 00 | a | Заглавие | Слагаемые здоровья |
| c | Ответственность | Н. Б. Коростелев | ||
| 260 | 0_ | a | Место издания | Москва |
| b | Издательство | Знание | ||
| c | Дата издания | 1990 | ||
| 300 | a | Объем | 188,[1] с. | |
| b | Иллюстрации/ тип воспроизводства | ил. | ||
| c | Размеры | 16 см | ||
| 440 | a | Серия | Новое в жизни, науке, технике | |
| a | Серия | Физкультура и спорт | ||
| 490 | _0 | v | N тома | 2/1990 |
| 650 | a | Основная рубрика | Здоровье | |
| 650 | a | Основная рубрика | Гигиена личная | |
| 650 | a | Основная рубрика | Физическая культура и спорт | |
| x | Основная подрубрика | Влияние на организм | ||
| 653 | a | Ключевые слова | Личная гигиена | |
| 653 | a | Ключевые слова | Гигиена быта и отдыха | |
| 700 | 1_ | a | Другие авторы | Виноградов П. А. |
| e | Роль лиц | авт. | ||
| 700 | 1_ | a | Другие авторы | Гуськов С. И. |
| e | Роль лиц | авт. | ||
| 852 | t | Порядковый номер экземпляра | 1 | |
| p | Инвентарный номер | б/н | ||
| 999 | a | Подразделение 2 | кх. |